| 000 | 00337nam a2200121Ia 4500 | ||
|---|---|---|---|
| 008 | 150202s9999 xx 000 0 und d | ||
| 050 |
_aFIC _bFIC |
||
| 100 | _aForsyth, Frederick. | ||
| 245 | 4 |
_aThe dogs of war / _cFrederick Forsyth. |
|
| 260 |
_aNew York : _bBantam Books, _c1974. |
||
| 300 |
_a407 pages : _c18 cm. |
||
| 650 | _aFiction. | ||
| 999 |
_c281997 _d281997 |
||